Score 0/29 Timer 03:00
0 Plays Today
Hint 4-Letter Word % Correct
12 inchesFOOT
94.3%
Chimney residueSOOT
92.6%
Firing of a gunSHOT
91.3%
Barbie or American Girl, e.g.DOLL
91%
Hermione's weaponWAND
90.6%
? '____ Stop Me Now' -Queen ?? DON'T ?
90.4%
Wish, desireWANT
89.8%
Gunshot soundBANG
89.7%
Helvetica or Arial, eg.FONT
88.2%
Road fareTOLL
87.8%
Where the sun setsWEST
87.3%
Takes legal action againstSUES
86.7%
? Rubber or hair, eg. ?? BAND ?
85.8%
Phoenix basketball teamSUNS
84.4%
? 2nd of the 5 W's ?? WHAT ?
84.3%
Hint 4-Letter Word % Correct
? William who shot the apple ?? TELL ?
84.3%
RelaxREST
83.8%
In good healthWELL
83.7%
? Trilled a tune ?? SANG ?
82.8%
? Display, present ?? SHOW ?
82.3%
Fool, dunceDOLT
82.1%
Mark left from whipWELT
81.9%
Iron + waterRUST
81.5%
Without, in FrenchSANS
81.1%
! Hurry !! RUSH !
72.5%
Stay, bideWAIT
72.4%
'____ the Man' - BynesSHE'S
66.1%
Least bitWHIT
63.5%
Prove or display, in the UKSHEW
60%

Today's Daily Dose

Remove Ads.
Support Sporcle.
Get the best of Sporcle when you Go Orange. This ad-free experience offers more features, more stats, and more fun while also helping to support Sporcle. Thank you for becoming a member.

You're not logged in!

Compare scores with friends on all Sporcle quizzes.
OR
Log In

Show Comments

Extras

Top Quizzes Today


Score Distribution

Your Account Isn't Verified!

In order to create a playlist on Sporcle, you need to verify the email address you used during registration. Go to your Sporcle Settings to finish the process.

Report this User

Report this user for behavior that violates our Community Guidelines.

Details: